Costs of educational media : Guidelines for planning and evaluation (Record no. 1377929)

MARC details
000 -LEADER
fixed length control field 00550nam a2200193Ia 4500
005 - DATE AND TIME OF LATEST TRANSACTION
control field 20250508162650.0
008 - FIXED-LENGTH DATA ELEMENTS--GENERAL INFORMATION
fixed length control field 008 250505s9999 xx 000 0 eng d
037 ## - SOURCE OF ACQUISITION
Stock number Textual
040 ## - CATALOGING SOURCE
Original cataloging agency FEDL
Language of cataloging eng
Transcribing agency FEDL
041 ## - LANGUAGE CODE
Language code of text/sound track or separate title eng
Source of code eng
084 ## - COLON CLASSIFICATION NUMBER
Classification number 371.3, JAM
Assigning agency FEDL
100 ## - MAIN ENTRY--PERSONAL NAME
Personal name Jamison Dean T
245 #0 - TITLE STATEMENT
Title Costs of educational media : Guidelines for planning and evaluation
260 ## - PUBLICATION, DISTRIBUTION, ETC.
Place of publication, distribution, etc. Beverly
Name of publisher, distributor, etc. Hills Sage
Date of publication, distribution, etc. 1978
300 ## - PHYSICAL DESCRIPTION
Extent 255p.
650 ## - SUBJECT ADDED ENTRY--TOPICAL TERM
Topical term or geographic name entry element Teaching Technique
942 ## - ADDED ENTRY ELEMENTS (KOHA)
Koha item type Textual
Classification part 371.3, JAM
Holdings
Withdrawn status Lost status Damaged status Not for loan Home library Current library Date acquired Total Checkouts Full call number Barcode Date last seen Price effective from Koha item type
        Department of Education Library Department of Education Library 2025-05-08   371.3, JAM EL0070494 2025-05-08 2025-05-08 Textual
Copyright @ Delhi University Library System